| 000 | 00628cab a22001935a 4500 | ||
|---|---|---|---|
| 001 | L144984 | ||
| 008 | 080828e20080823xxkabo f 000 0 eng d | ||
| 035 | _a(Sirsi) u144984 | ||
| 041 | 0 | _aeng | |
| 100 | 1 | _aPilkington, Lisa | |
| 245 | 0 | 0 |
_aFocus _binternational |
| 260 | _c2008 | ||
| 490 |
_aEstates Gazette _v(0833) 23 August 2008, 57-67(7) |
||
| 520 | _aInternational focus draws together articles on international investing (including key financial indicators) and investment in overseas holiday homes. | ||
| 651 | 4 | _aInternational | |
| 690 | _aPROPERTY-COMMERCIAL PROPERTY | ||
| 700 | 1 | _aMeadwell, Stacey | |
| 942 | _n0 | ||
| 999 |
_c80674 _d80674 |
||